[Event "MITROPA Cup 2014 OPEN Section"]
[Site "Ruzomberok SLOVAKIA"]
[Date "2014.05.23"]
[Round "1"]
[Board "1"]
[White "Ruck, Robert"]
[Black "Gallagher, Joseph G."]
[Result "0-1"]
[WhiteElo "2572"]
[BlackElo "2472"]
[PlyCount "0"]
[EventDate "2014.05.23"]
[EventType "team"]
[EventRounds "9"]
[EventCountry "SVK"]
[WhiteTeam "Hungary"]
[BlackTeam "Switzerland"]

1. Nf3 {[%clk 1:30:56]} c5 {[%clk 1:30:23]} 2. c4 {[%clk 1:31:16]} Nc6
{[%clk 1:30:08]} 3. Nc3 {[%clk 1:28:29]} g6 {[%clk 1:29:42]} 4. e3
{[%clk 1:28:54]} Nf6 {[%clk 1:27:30]} 5. d4 {[%clk 1:29:09]} cxd4
{[%clk 1:27:54]} 6. exd4 {[%clk 1:29:32]} d5 {[%clk 1:28:15]} 7. Bg5
{[%clk 1:29:54]} Be6 {[%clk 1:27:26]} 8. Bxf6 {[%clk 1:28:50]} exf6
{[%clk 1:26:05]} 9. cxd5 {[%clk 1:24:19]} Bxd5 {[%clk 1:25:50]} 10. Bb5
{[%clk 1:24:24]} Bb4 {[%clk 1:14:06]} 11. O-O {[%clk 1:21:52]} O-O
{[%clk 1:09:53]} 12. Nxd5 {[%clk 1:16:11]} Qxd5 {[%clk 1:10:17]} 13. Qa4
{[%clk 1:07:57]} Bd6 {[%clk 1:00:08]} 14. Bxc6 {[%clk 1:00:53]} bxc6
{[%clk 0:59:50]} 15. Rac1 {[%clk 1:01:00]} Rfc8 {[%clk 0:52:41]} 16. Rc2
{[%clk 0:49:55]} Rab8 {[%clk 0:48:45]} 17. b3 {[%clk 0:47:35]} a5
{[%clk 0:42:29]} 18. Qc4 {[%clk 0:46:31]} Qf5 {[%clk 0:42:48]} 19. Rfc1
{[%clk 0:43:40]} Kg7 {[%clk 0:39:17]} 20. Qe2 {[%clk 0:29:43]} Re8
{[%clk 0:34:28]} 21. Qc4 {[%clk 0:17:09]} Rec8 {[%clk 0:34:31]} 22. Rc3
{[%clk 0:14:16]} Bb4 {[%clk 0:30:01]} 23. Re3 {[%clk 0:13:16]} Bd6
{[%clk 0:29:43]} 24. Rec3 {[%clk 0:09:10]} Bb4 {[%clk 0:29:49]} 25. Re3
{[%clk 0:09:34]} Bd6 {[%clk 0:30:15]} 26. g3 {[%clk 0:09:56]} Rb5
{[%clk 0:27:31]} 27. Qc2 {[%clk 0:09:12]} Qh3 {[%clk 0:27:22]} 28. Qe2
{[%clk 0:08:34]} Qd7 {[%clk 0:22:10]} 29. Rec3 {[%clk 0:08:30]} Re8
{[%clk 0:18:56]} 30. Qd3 {[%clk 0:06:50]} Ba3 {[%clk 0:15:13]} 31. R1c2
{[%clk 0:06:48]} Rf5 {[%clk 0:14:23]} 32. Kg2 {[%clk 0:02:15]} Re6
{[%clk 0:10:42]} 33. Re2 {[%clk 0:02:32]} Rd6 {[%clk 0:10:04]} 34. Qe4
{[%clk 0:02:28]} Re6 {[%clk 0:09:10]} 35. Qd3 {[%clk 0:02:14]} Bb4
{[%clk 0:08:40]} 36. Rcc2 {[%clk 0:01:56]} Qd5 {[%clk 0:08:53]} 37. Rxe6
{[%clk 0:01:42]} fxe6 {[%clk 0:09:14]} 38. Re2 {[%clk 0:01:56]} c5
{[%clk 0:04:22]} 39. Qe4 {[%clk 0:01:52]} Kf7 {[%clk 0:04:14]} 40. Re3
{[%clk 0:01:14]} Qxe4 {[%clk 0:03:09]} 41. Rxe4 {[%clk 0:01:42]} Rd5
{[%clk 0:01:07]} 42. Kf1 {[%clk 0:27:07]} Ke7 {[%clk 0:25:00]} 43. Ke2
{[%clk 0:10:43]} Kd6 {[%clk 0:19:22]} 44. dxc5+ {[%clk 0:09:11]} Rxc5
{[%clk 0:18:47]} 45. Rd4+ {[%clk 0:08:50]} Kc6 {[%clk 0:18:32]} 46. Kd1
{[%clk 0:01:57]} e5 {[%clk 0:15:55]} 47. Rd8 {[%clk 0:02:23]} Kc7
{[%clk 0:14:43]} 48. Rh8 {[%clk 0:02:45]} Rd5+ {[%clk 0:14:46]} 49. Ke2
{[%clk 0:01:51]} Rd7 {[%clk 0:15:12]} 50. Re8 {[%clk 0:02:12]} Rd5
{[%clk 0:08:48]} 51. Re6 {[%clk 0:01:39]} Kd7 {[%clk 0:08:29]} 52. Rxf6
{[%clk 0:01:58]} e4 {[%clk 0:08:25]} 53. Nh4 {[%clk 0:01:51]} Rd2+
{[%clk 0:06:04]} 54. Ke3 {[%clk 0:02:14]} Rxa2 {[%clk 0:06:26]} 55. Kxe4
{[%clk 0:02:34]} Ke7 {[%clk 0:05:05]} 56. Rf3 {[%clk 0:02:35]} Bc5
{[%clk 0:05:12]} 57. Rc3 {[%clk 0:01:43]} Bd6 {[%clk 0:05:17]} 58. Ke3
{[%clk 0:01:32]} Rb2 {[%clk 0:03:15]} 59. Nf3 {[%clk 0:01:21]} Bb4
{[%clk 0:03:27]} 60. Rd3 {[%clk 0:01:07]} Bc5+ {[%clk 0:03:34]} 61. Ke4
{[%clk 0:01:02]} Rxf2 {[%clk 0:03:15]} 62. h4 {[%clk 0:00:46]} Rg2
{[%clk 0:03:00]} 63. Ng5 {[%clk 0:00:56]} Bd6 {[%clk 0:02:43]} 64. Nxh7
{[%clk 0:00:45]} Rxg3 {[%clk 0:02:12]} 65. Rxg3 {[%clk 0:00:37]} Bxg3
{[%clk 0:02:40]} 66. h5 {[%clk 0:00:55]} gxh5 {[%clk 0:02:57]} 67. Ng5
{[%clk 0:01:18]} Kf6 {[%clk 0:02:38]} 68. Nh3 {[%clk 0:01:34]} h4
{[%clk 0:02:53]} 69. Ng1 {[%clk 0:01:47]} Kg5 {[%clk 0:02:58]} 70. Kf3
{[%clk 0:01:46]} Kf5 {[%clk 0:03:13]} 71. Ne2 {[%clk 0:02:00]} Be5
{[%clk 0:03:37]} 72. Nc1 {[%clk 0:01:43]} Bb2 {[%clk 0:03:38]} 73. Nd3
{[%clk 0:01:41]} Bd4 {[%clk 0:04:02]} 74. Nf4 {[%clk 0:01:50]} Bc5
{[%clk 0:02:44]} 75. Nd3 {[%clk 0:01:21]} Ba3 {[%clk 0:03:05]} 76. Nf4
{[%clk 0:01:30]} Ke5 {[%clk 0:03:04]} 77. Ng6+ {[%clk 0:00:37]} Kd4
{[%clk 0:03:

[Event "MITROPA Cup 2014 OPEN Section"]
[Site "Ruzomberok SLOVAKIA"]
[Date "2014.05.23"]
[Round "1"]
[Board "2"]
[White "Heimann, Andreas"]
[Black "Diermair, Andreas"]
[Result "1/2-1/2"]
[WhiteElo "2524"]
[BlackElo "2451"]
[PlyCount "0"]
[EventDate "2014.05.23"]
[EventType "team"]
[EventRounds "9"]
[EventCountry "SVK"]
[WhiteTeam "Germany"]
[BlackTeam "Austria"]

1. e4 {[%clk 1:30:56]} e5 {[%clk 1:30:52]} 2. Nf3 {[%clk 1:31:20]} Nc6
{[%clk 1:31:19]} 3. Bb5 {[%clk 1:31:39]} a6 {[%clk 1:31:26]} 4. Bxc6
{[%clk 1:32:02]} dxc6 {[%clk 1:31:51]} 5. O-O {[%clk 1:32:25]} Bg4
{[%clk 1:30:19]} 6. h3 {[%clk 1:32:48]} h5 {[%clk 1:30:40]} 7. d3
{[%clk 1:32:58]} Qf6 {[%clk 1:31:02]} 8. Be3 {[%clk 1:32:14]} Bxf3
{[%clk 1:31:05]} 9. Qxf3 {[%clk 1:32:38]} Qxf3 {[%clk 1:31:32]} 10. gxf3
{[%clk 1:32:58]} Ne7 {[%clk 1:31:08]} 11. Nd2 {[%clk 1:22:37]} Ng6
{[%clk 1:30:56]} 12. Rfd1 {[%clk 1:09:19]} f6 {[%clk 1:19:53]} 13. Kf1
{[%clk 1:05:51]} Kf7 {[%clk 1:14:51]} 14. Ke2 {[%clk 1:03:15]} Bd6
{[%clk 1:09:52]} 15. Nc4 {[%clk 1:01:06]} c5 {[%clk 1:03:37]} 16. c3
{[%clk 0:47:01]} Rhd8 {[%clk 1:01:04]} 17. a3 {[%clk 0:38:32]} a5
{[%clk 0:54:01]} 18. a4 {[%clk 0:38:38]} b6 {[%clk 0:30:54]} 19. Rac1
{[%clk 0:27:04]} Be7 {[%clk 0:26:53]} 20. Nd2 {[%clk 0:26:21]} Rd7
{[%clk 0:25:51]} 21. Nb3 {[%clk 0:24:10]} Rad8 {[%clk 0:23:24]} 22. d4
{[%clk 0:21:13]} cxd4 {[%clk 0:22:28]} 23. cxd4 {[%clk 0:21:34]} exd4
{[%clk 0:21:23]} 24. Nxd4 {[%clk 0:10:43]} Ne5 {[%clk 0:18:32]} 25. f4
{[%clk 0:07:05]} c5 {[%clk 0:18:20]} 26. Nb5 {[%clk 0:02:22]} Nd3
{[%clk 0:17:33]} 27. Rb1 {[%clk 0:02:48]} c4 {[%clk 0:15:08]} 28. Nc3
{[%clk 0:02:49]} Bc5 {[%clk 0:13:07]} 29. b3 {[%clk 0:02:16]} Bxe3
{[%clk 0:09:54]} 30. fxe3 {[%clk 0:01:34]} cxb3 {[%clk 0:09:30]} 31. Rxb3
{[%clk 0:01:44]} Nb4 {[%clk 0:09:06]} 32. Rxd7+ {[%clk 0:01:38]} Rxd7
{[%clk 0:09:34]} 33. Nd5 {[%clk 0:00:50]} Nxd5 {[%clk 0:09:07]} 34. exd5
{[%clk 0:01:14]} Rxd5 {[%clk 0:09:22]} 35. Rxb6 {[%clk 0:01:39]} f5
{[%clk 0:07:23]} 36. Rb7+ {[%clk 0:01:53]} Kf6 {[%clk 0:07:30]} 37. Rb6+
{[%clk 0:02:20]} Kf7 {[%clk 0:07:50]} 38. Kf3 {[%clk 0:01:50]} h4
{[%clk 0:07:42]} 39. Ra6 {[%clk 0:02:11]} g6 {[%clk 0:06:39]} 40. Ra7+
{[%clk 0:02:29]} Kf6 {[%clk 0:05:57]} 41. Ra6+ {[%clk 0:02:06]} Kf7
{[%clk 0:05:54]} 42. Ra7+ {[%clk 0:00:42]} Kf6 {[%clk 0:05:17]} 43. Ra6+
{[%clk 0:25:18]} Ke5 44. Ke4+ 1/2-1/2

[Event "MITROPA Cup 2014 OPEN Section"]
[Site "Ruzomberok SLOVAKIA"]
[Date "2014.05.23"]
[Round "1"]
[Board "1"]
[White "Michalik, Peter"]
[Black "Repka, Christopher"]
[Result "1-0"]
[WhiteElo "2562"]
[BlackElo "2352"]
[PlyCount "0"]
[EventDate "2014.05.23"]
[EventType "team"]
[EventRounds "9"]
[EventCountry "SVK"]
[WhiteTeam "Slovakia A"]
[BlackTeam "Slovakia B"]

1. d4 {[%clk 1:29:08]} e6 {[%clk 1:30:58]} 2. c4 {[%clk 1:29:19]} Nf6
{[%clk 1:31:24]} 3. g3 {[%clk 1:29:39]} Bb4+ {[%clk 1:29:41]} 4. Bd2
{[%clk 1:29:57]} a5 {[%clk 1:29:41]} 5. Bg2 {[%clk 1:29:50]} O-O {[%clk 1:30:08]}
6. Nf3 {[%clk 1:29:57]} d5 {[%clk 1:25:29]} 7. O-O {[%clk 1:29:43]} dxc4
{[%clk 1:24:53]} 8. Qc2 {[%clk 1:29:57]} Nc6 {[%clk 1:18:51]} 9. Qxc4
{[%clk 1:24:17]} Qd5 {[%clk 1:18:55]} 10. Qxd5 {[%clk 1:24:04]} exd5
{[%clk 1:19:07]} 11. Bf4 {[%clk 1:18:14]} Bg4 {[%clk 1:10:11]} 12. a3
{[%clk 1:17:09]} Be7 {[%clk 1:06:41]} 13. Rd1 {[%clk 1:17:08]} a4
{[%clk 0:47:54]} 14. Ne5 {[%clk 1:02:29]} Nxe5 {[%clk 0:45:57]} 15. dxe5
{[%clk 1:02:54]} Nd7 {[%clk 0:41:58]} 16. Bxd5 {[%clk 1:01:30]} g5
{[%clk 0:33:40]} 17. e6 {[%clk 0:52:08]} fxe6 {[%clk 0:25:21]} 18. Bxb7
{[%clk 0:52:20]} gxf4 {[%clk 0:18:45]} 19. Bxa8 {[%clk 0:47:26]} fxg3
{[%clk 0:19:07]} 20. hxg3 {[%clk 0:35:35]} Ne5 {[%clk 0:17:30]} 21. Bf3
{[%clk 0:31:29]} Nxf3+ {[%clk 0:15:18]} 22. exf3 {[%clk 0:31:55]} Bxf3
{[%clk 0:15:42]} 23. Rd3 {[%clk 0:22:07]} Bc5 {[%clk 0:15:22]} 24. Nc3
{[%clk 0:22:21]} Rf6 {[%clk 0:11:21]} 25. Re1 {[%clk 0:20:23]} Ba7
{[%clk 0:07:41]} 26. Re5 {[%clk 0:14:33]} Bc6 {[%clk 0:03:19]} 27. Rd2
{[%clk 0:14:55]} Rg6 {[%clk 0:02:05]} 28. Kf1 {[%clk 0:14:26]} Rh6
{[%clk 0:01:26]} 29. Ke2 {[%clk 0:13:58]} Kf7 {[%clk 0:00:47]} 30. Nxa4
{[%clk 0:12:23]} Rh2 {[%clk 0:00:44]} 31. Nc5 {[%clk 0:12:49]} Bb5+
{[%clk 0:00:40]} 32. Kf3 {[%clk 0:12:54]} Bc6+ {[%clk 0:00:39]} 33. Ke3
{[%clk 0:12:31]} Bd5 {[%clk 0:00:56]} 34. b4 {[%clk 0:12:46]} c6 {[%clk 0:01:18]}
35. Kd3 {[%clk 0:12:43]} 1-0

[Event "MITROPA Cup 2014 OPEN Section"]
[Site "Ruzomberok SLOVAKIA"]
[Date "2014.05.23"]
[Round "1"]
[Board "2"]
[White "Druska, Juraj"]
[Black "Petrik, Tomas"]
[Result "1/2-1/2"]
[WhiteElo "2364"]
[BlackElo "2511"]
[PlyCount "0"]
[EventDate "2014.05.23"]
[EventType "team"]
[EventRounds "9"]
[EventCountry "SVK"]
[WhiteTeam "Slovakia B"]
[BlackTeam "Slovakia A"]

1. e4 {[%clk 1:30:57]} e6 {[%clk 1:28:49]} 2. d4 {[%clk 1:31:17]} d5
{[%clk 1:29:06]} 3. Nc3 {[%clk 1:31:36]} Bb4 {[%clk 1:29:25]} 4. Nge2
{[%clk 1:31:53]} dxe4 {[%clk 1:29:09]} 5. a3 {[%clk 1:32:15]} Be7
{[%clk 1:29:10]} 6. Nxe4 {[%clk 1:32:27]} Nf6 {[%clk 1:29:31]} 7. Nxf6+
{[%clk 1:32:24]} Bxf6 {[%clk 1:29:32]} 8. Be3 {[%clk 1:32:31]} O-O
{[%clk 1:20:55]} 9. Qd2 {[%clk 1:32:00]} Nc6 {[%clk 1:08:22]} 10. O-O-O
{[%clk 1:31:35]} Ne7 {[%clk 1:00:00]} 11. g4 {[%clk 1:08:55]} Nd5
{[%clk 0:58:58]} 12. Bg2 {[%clk 1:06:03]} b5 {[%clk 0:43:23]} 13. Nf4
{[%clk 0:43:18]} Bb7 {[%clk 0:36:33]} 14. h4 {[%clk 0:42:06]} a5 {[%clk 0:26:51]}
15. Nh5 {[%clk 0:38:54]} Nxe3 {[%clk 0:18:22]} 16. fxe3 {[%clk 0:39:04]} Bxg2
{[%clk 0:18:45]} 17. Qxg2 {[%clk 0:39:31]} b4 {[%clk 0:17:12]} 18. a4
{[%clk 0:38:04]} Be7 {[%clk 0:14:47]} 19. Qe4 {[%clk 0:33:02]} Qd5
{[%clk 0:13:37]} 20. Qxd5 {[%clk 0:32:28]} exd5 {[%clk 0:14:02]} 21. Rdf1
{[%clk 0:27:11]} Rae8 {[%clk 0:11:09]} 22. Kd2 {[%clk 0:22:23]} c6
{[%clk 0:11:18]} 23. Nf4 {[%clk 0:12:49]} Bd6 {[%clk 0:11:10]} 24. Nd3
{[%clk 0:12:08]} Re4 {[%clk 0:09:10]} 25. Nf2 {[%clk 0:12:21]} Re6
{[%clk 0:09:34]} 26. Nd3 {[%clk 0:10:50]} Re4 {[%clk 0:07:25]} 27. Nf2
{[%clk 0:11:03]} Re6 {[%clk 0:07:53]} 28. Nd3 {[%clk 0:11:30]} Rfe8
{[%clk 0:08:16]} 29. Rf3 {[%clk 0:11:44]} Rg6 {[%clk 0:07:55]} 30. Nf2
{[%clk 0:05:22]} c5 {[%clk 0:05:57]} 31. dxc5 {[%clk 0:02:14]} Bxc5
{[%clk 0:06:23]} 32. Rhh3 {[%clk 0:02:30]} Rc8 {[%clk 0:05:15]} 33. Rf5
{[%clk 0:02:29]} Bb6 {[%clk 0:05:30]} 34. c3 {[%clk 0:01:33]} bxc3+
{[%clk 0:05:10]} 35. bxc3 {[%clk 0:02:01]} Rgc6 {[%clk 0:05:34]} 36. Nd1
{[%clk 0:02:16]} Rc4 {[%clk 0:05:01]} 37. Rf4 {[%clk 0:02:07]} Rxf4
{[%clk 0:02:08]} 38. exf4 {[%clk 0:02:36]} Rc4 {[%clk 0:02:31]} 39. Ne3
{[%clk 0:02:51]} Bxe3+ {[%clk 0:00:48]} 40. Rxe3 {[%clk 0:03:18]} Kf8
{[%clk 0:00:55]} 41. Rd3 {[%clk 0:28:18]} Rxf4 {[%clk 0:25:33]} 42. Rxd5
{[%clk 0:28:13]} Rxa4 {[%clk 0:14:30]} 43. g5 {[%clk 0:27:59]} Rxh4
{[%clk 0:11:13]} 44. Rxa5 {[%clk 0:28:22]} h6 {[%clk 0:11:26]} 45. gxh6
{[%clk 0:27:59]} Rxh6 {[%clk 0:11:48]} 46. c4 {[%clk 0:27:24]} Ke7
{[%clk 0:05:39]} 47. Kd3 {[%clk 0:26:49]} Rh1 {[%clk 0:04:10]} 48. Kd4
{[%clk 0:23:16]} Ke6 {[%clk 0:03:04]} 49. Ra6+ {[%clk 0:11:12]} Kf5
{[%clk 0:03:33]} 50. Ra7 {[%clk 0:11:36]} Rd1+ {[%clk 0:04:00]} 51. Ke3
{[%clk 0:12:01]} Kg6 {[%clk 0:03:56]} 52. c5 {[%clk 0:12:07]} f5 {[%clk 0:01:55]}
53. c6 {[%clk 0:06:08]} Rc1 {[%clk 0:01:45]} 54. c7 {[%clk 0:06:33]} Kf6
{[%clk 0:01:21]} 55. Kd4 {[%clk 0:07:01]} Kg5 {[%clk 0:00:46]} 56. Ke5
{[%clk 0:06:26]} g6 {[%clk 0:00:38]} 57. Kd6 {[%clk 0:06:42]} Kf4
{[%clk 0:00:33]} 58. Ra5 {[%clk 0:02:12]} Rxc7 {[%clk 0:00:33]} 59. Kxc7
{[%clk 0:02:41]} g5 {[%clk 0:00:36]} 60. Kd6 {[%clk 0:03:07]} g4 {[%clk 0:01:02]}
61. Ra4+ {[%clk 0:02:42]} Kf3 {[%clk 0:01:09]} 62. Ke5 {[%clk 0:02:54]} g3
{[%clk 0:01:37]} 63. Ra3+ {[%clk 0:02:29]} Kf2 {[%clk 0:01:46]} 64. Kf4
{[%clk 0:02:05]} g2 {[%clk 0:02:13]} 65. Ra2+ {[%clk 0:02:26]} Kf1
{[%clk 0:02:42]} 66. Kf3 {[%clk 0:02:28]} g1=N+ {[%clk 0:03:06]} 67. Ke3
{[%clk 0:02:51]} Nh3 {[%clk 0:03:25]} 68. Rh2 {[%clk 0:02:52]} Ng1
{[%clk 0:02:02]} 69. Rf2+ {[%clk 0:03:01]} Ke1 {[%clk 0:02:31]} 70. Rxf5
{[%clk 0:03:22]} Nh3 {[%clk 0:02:13]} 71. Rf8 {[%clk 0:01:20]} Ng1
{[%clk 0:02:39]} 72. Rf2 {[%clk 0:01:47]} Nh3 {[%clk 0:02:41]} 73. Rg2
{[%clk 0:01:02]} Kf1 {[%clk 0:03:07]} 74. Rh2 {[%clk 0:01:02]} Ng1
{[%clk 0:03:31]} 75. Rf2+ {[%clk 0:01:13]} Ke1 {[%clk 0:03:59]} 76. Rg2
{[%clk 0:00:58]} Kf1 {[%clk 0:04:24]} 77. Rg3 {[%clk 0:00:57]} Ne2
{[%clk 0:04:07]}

[Event "MITROPA Cup 2014 OPEN Section"]
[Site "Ruzomberok SLOVAKIA"]
[Date "2014.05.25"]
[Round "3"]
[Board "1"]
[White "Repka, Christopher"]
[Black "Zilka, Stepan"]
[Result "1-0"]
[WhiteElo "2352"]
[BlackElo "2549"]
[PlyCount "0"]
[EventDate "2014.05.23"]
[EventType "team"]
[EventRounds "9"]
[EventCountry "SVK"]
[WhiteTeam "Slovakia B"]
[BlackTeam "Czech republic"]

1. d4 {[%clk 1:30:58]} Nf6 {[%clk 1:30:51]} 2. Bg5 {[%clk 1:30:54]} d5
{[%clk 1:29:35]} 3. Nd2 {[%clk 1:31:21]} Nbd7 {[%clk 1:28:39]} 4. c4
{[%clk 1:30:27]} h6 {[%clk 1:14:09]} 5. Bxf6 {[%clk 1:30:23]} Nxf6
{[%clk 1:14:31]} 6. cxd5 {[%clk 1:30:49]} Qxd5 {[%clk 1:14:46]} 7. Ngf3
{[%clk 1:30:19]} e6 {[%clk 1:12:24]} 8. e3 {[%clk 1:25:28]} a6 {[%clk 1:12:40]}
9. Bd3 {[%clk 1:22:10]} c5 {[%clk 1:10:49]} 10. O-O {[%clk 1:21:34]} cxd4
{[%clk 1:10:38]} 11. e4 {[%clk 1:10:52]} Qd8 {[%clk 1:09:42]} 12. Rc1
{[%clk 1:09:48]} Be7 {[%clk 1:07:37]} 13. Qe2 {[%clk 1:06:38]} Nd7
{[%clk 1:02:20]} 14. e5 {[%clk 1:05:25]} Nc5 {[%clk 0:58:28]} 15. Bb1
{[%clk 1:05:25]} b5 {[%clk 0:43:35]} 16. Rfd1 {[%clk 0:58:41]} Bb7
{[%clk 0:38:05]} 17. Ne4 {[%clk 0:58:10]} d3 {[%clk 0:36:23]} 18. Bxd3
{[%clk 0:58:19]} Nxd3 {[%clk 0:34:14]} 19. Rxd3 {[%clk 0:58:01]} Bd5
{[%clk 0:33:42]} 20. Nc3 {[%clk 0:57:26]} Qc7 {[%clk 0:30:31]} 21. Rdd1
{[%clk 0:55:59]} Rc8 {[%clk 0:22:38]} 22. Qd2 {[%clk 0:44:46]} Bc6
{[%clk 0:16:56]} 23. Nd4 {[%clk 0:44:22]} Qb7 {[%clk 0:16:48]} 24. Nxc6
{[%clk 0:38:35]} Rxc6 {[%clk 0:17:17]} 25. Ne4 {[%clk 0:38:26]} O-O
{[%clk 0:16:07]} 26. Nd6 {[%clk 0:38:48]} Qd7 {[%clk 0:14:52]} 27. Rxc6
{[%clk 0:38:28]} Qxc6 {[%clk 0:15:18]} 28. Qc1 {[%clk 0:38:54]} Qxc1
{[%clk 0:11:38]} 29. Rxc1 {[%clk 0:39:18]} Bg5 {[%clk 0:04:04]} 30. Rc6
{[%clk 0:38:52]} Bf4 {[%clk 0:03:30]} 31. Rxa6 {[%clk 0:36:54]} Rb8
{[%clk 0:03:02]} 32. Ra5 {[%clk 0:34:37]} Bxe5 {[%clk 0:03:29]} 33. Nxb5
{[%clk 0:34:57]} Bxb2 {[%clk 0:03:55]} 34. g3 {[%clk 0:35:08]} f5
{[%clk 0:03:31]} 35. a4 {[%clk 0:35:30]} Kf7 {[%clk 0:03:20]} 36. Ra6
{[%clk 0:35:05]} Rd8 {[%clk 0:02:51]} 37. Kg2 {[%clk 0:34:53]} g5
{[%clk 0:02:21]} 38. Nc7 {[%clk 0:33:16]} e5 {[%clk 0:02:15]} 39. Rxh6
{[%clk 0:32:58]} Rd2 {[%clk 0:02:41]} 40. Nb5 {[%clk 0:32:28]} e4
{[%clk 0:02:47]} 41. Nd6+ {[%clk 0:32:39]} Ke7 {[%clk 0:01:45]} 42. Nxf5+
{[%clk 0:32:56]} Kd7 {[%clk 0:02:09]} 43. Rg6 {[%clk 0:32:51]} Ba3
{[%clk 0:01:39]} 44. Ne3 {[%clk 0:29:21]} Be7 {[%clk 0:02:01]} 45. a5
{[%clk 0:28:35]} Ra2 {[%clk 0:02:08]} 46. a6 {[%clk 0:29:03]} Ke8
{[%clk 0:01:08]} 47. Re6 {[%clk 0:28:56]} Kf7 {[%clk 0:01:06]} 48. Rxe4
{[%clk 0:29:23]} Rxa6 {[%clk 0:01:16]} 49. Nc4 {[%clk 0:26:42]} Ra2
{[%clk 0:27:36]} 50. Ne5+ {[%clk 0:57:22]} Kg7 {[%clk 0:27:59]} 51. Re3
{[%clk 0:56:59]} Bf6 {[%clk 0:25:20]} 52. Re4 {[%clk 0:55:41]} Be7
{[%clk 0:24:58]} 53. Rc4 {[%clk 0:56:10]} Kf6 {[%clk 0:25:05]} 54. Nf3
{[%clk 0:56:31]} Ke6 {[%clk 0:24:27]} 55. h4 {[%clk 0:56:24]} gxh4
{[%clk 0:24:18]} 56. Nxh4 {[%clk 0:56:52]} Bf6 {[%clk 0:23:03]} 57. Rc6+
{[%clk 0:56:33]} Kf7 {[%clk 0:23:27]} 58. Nf5 {[%clk 0:56:58]} Kg6
{[%clk 0:23:13]} 59. Ne3 {[%clk 0:57:16]} Kf7 {[%clk 0:23:34]} 60. Rc2
{[%clk 0:57:35]} Ra3 {[%clk 0:23:27]} 61. Re2 {[%clk 0:57:54]} Rb3
{[%clk 0:23:14]} 62. f4 {[%clk 0:57:38]} Be7 {[%clk 0:22:37]} 63. Nf5
{[%clk 0:57:13]} Bc5 {[%clk 0:22:28]} 64. Rc2 {[%clk 0:56:39]} Bb6
{[%clk 0:22:22]} 65. Rc6 {[%clk 0:57:05]} Ba5 {[%clk 0:22:41]} 66. Kh3
{[%clk 0:57:06]} Bd2 {[%clk 0:22:59]} 67. Kg4 {[%clk 0:57:25]} Be1
{[%clk 0:23:15]} 68. Rc1 {[%clk 0:56:21]} Bf2 {[%clk 0:23:36]} 69. Rc2
{[%clk 0:56:49]} Bb6 {[%clk 0:23:51]} 70. Rh2 {[%clk 0:56:40]} Ba5
{[%clk 0:23:48]} 71. Nd4 {[%clk 0:55:40]} Rd3 {[%clk 0:23:57]} 72. Nc6
{[%clk 0:56:07]} Bc3 {[%clk 0:24:13]} 73. Rh5 {[%clk 0:56:13]} Re3
{[%clk 0:23:58]} 74. Ne5+ {[%clk 0:54:47]} Kg8 {[%clk 0:24:17]} 75. Rg5+
{[%clk 0:55:06]} Kh7 {[%clk 0:24:15]} 76. Kf5 {[%clk 0:55:13]} Bxe5
{[%clk 0:23:21]} 77. fxe5 {[%clk 0:55:42]} Kh6 {[%clk 0:23:26]} 78